| 000 | 00918nam a22002897a 4500 | ||
|---|---|---|---|
| 001 | 0038441 | ||
| 003 | KOHA_MİRAKIL | ||
| 005 | 20260207003101.0 | ||
| 007 | ta | ||
| 008 | 120912b1995 tu a|||gr||||#||||0|eng | | ||
| 040 |
_aTR-BiSEU _btur _cTR-BiSEU _erda |
||
| 041 | 0 | _aeng | |
| 044 | _ctu | ||
| 050 |
_aLB1028.5 _b.C66 1995 |
||
| 245 | 0 |
_aComputer-Based cognitive tools for teaching and learning/ _ceditör Emrah Orhun, Celia Hoyles...[et. al.]. |
|
| 264 | 1 |
_aİzmir : _bEgeÜniversitesi _c1995 |
|
| 300 |
_a279 p. : _bill. ; _c24 cm. |
||
| 336 |
_ametin _btxt _2rdacontent |
||
| 337 |
_aaracısız _bn _2rdamedia |
||
| 338 |
_acilt _bnc _2rdacarrier |
||
| 500 | _aIncludes bibliographical references and index. | ||
| 650 | 0 |
_aComputer-assisted instruction. _911825 |
|
| 650 | 0 |
_aEducational technology. _918546 |
|
| 650 | 0 |
_aLearning. _917775 |
|
| 650 | 0 |
_aEducation--Data processing. _91502 |
|
| 942 |
_2lcc _cBK |
||
| 999 |
_c38276 _d38276 |
||